Heritage and indigeneity: Transformations in the politics of tourism /
Uloženo v:
| Hlavní autor: | |
|---|---|
| Médium: | Text |
| Tagy: |
Přidat tag
Žádné tagy, Buďte první, kdo vytvoří štítek k tomuto záznamu!
|
MARC
| LEADER | 00000 a a2200000 04500 | ||
|---|---|---|---|
| 001 | 41581 | ||
| 003 | |||
| 040 | |||
| 100 | |a Castañeda, Quetzil E. | ||
| 245 | |a Heritage and indigeneity: |b Transformations in the politics of tourism / |c Quetzil E. Castañeda | ||
| 773 | |g número96 ( , 2009), páginas 263-295 | ||
| 999 | |c 34568 |d 34568 | ||
